| 000 | 00607nam a2200169 a 4500 | ||
|---|---|---|---|
| 001 | 000035607 | ||
| 005 | 20250211101414.0 | ||
| 008 | 090701s2007 cl a 000 0 spa d | ||
| 020 | _a9789213234341 | ||
| 040 |
_aDO-SdBNP _bspa _cBNPHU |
||
| 082 |
_axxxx _bE82e |
||
| 245 | 0 | 0 |
_aEstudio económico de América Latina y el Caribe 2009-2010 : _bimpacto distributivo de las políticas públicas. |
| 260 |
_aSantiago de Chile, : _bNaciones Unidas,CEPAL, _c2007. |
||
| 300 |
_a131 p. : _bil. ; _c27 cm. |
||
| 710 | 2 |
_aNaciones Unidas. _bComisión Económica para América Latina y el Caribe _961511 |
|
| 049 | _aBNPD | ||
| 999 |
_c35098 _d35098 |
||